|
|
|
|
| LEADER |
00619cam a2200169 7i4500 |
| 001 |
0000032468 |
| 005 |
20110801090000.0 |
| 020 |
|
|
|a 9789833317424 (pbk.)
|
| 090 |
0 |
0 |
|a HD62.7.M4
|b M54 2007
|
| 100 |
0 |
|
|a Mohd. Khairuddin Hashim
|
| 245 |
1 |
0 |
|a SMES in Malaysia :
|b a brief handbook
|c Mohd Khairuddin Hashim.
|
| 260 |
|
|
|a Petaling Jaya, Selangor:
|b August Pub.,
|c 2007.
|
| 300 |
|
|
|a xii, 179 p.;
|c 23 cm.
|
| 650 |
0 |
0 |
|a Small business --
|x Management --
|z Malaysia
|
| 650 |
0 |
0 |
|a Business --
|x Government policy --
|z Malaysia
|
| 650 |
0 |
0 |
|a Industries --
|x Malaysia --
|z Size
|
| 999 |
|
|
|a 0000051117
|b BOK
|c REFERENCE
|e 2nd Floor, Shah Alam
|